• 首页
  • 本馆介绍
  • 公告通知
  • 最新文献
  • 馆藏检索
  • 电子资源
  • 读者导购
  • 参考咨询
  • 我的图书馆
  • 登录
  • 详细信息显示
  • 放入我的书架
  • 预约/预借图书
  • 作者相关作品
  • 分类相关作品
  • 丛书相关作品
  • 出版社相关作品

书目信息

  • 表格格式
  • 工作单格式
  • 卡片格式
题名:
新员工职场礼仪
    
 
作者: 靳斓 著
分册:  
出版信息: 北京   中国经济出版社  2018.05
页数: 250页
开本: 24cm
丛书名: 靳斓礼行天下系列
单 册:
中图分类: C912.12
科图分类:
主题词: 心理交往--礼仪
电子资源:
ISBN: 978-7-5136-5188-2
000 00925oam2 2200277 450
001 0120182500166
005 20180906145246.28
010    @a978-7-5136-5188-2@dCNY48.00
100    @a20180626d2018 em y0chiy50 ea
101 0  @achi
102    @aCN@b110000
105    @aa z 000yy
106    @ar
200 1  @a新员工职场礼仪@9xin yuan gong zhi chang li yi@f靳斓著
205    @a4版
210    @a北京@c中国经济出版社@d2018.05
215    @a250页@c图@d24cm
225 2  @a靳斓礼行天下系列
330    @a本书共分为这样的职场人受欢迎;新员工个人礼仪;新员工办公礼仪;新员工内部交往艺术;新员工言论礼仪;新员工饭桌礼仪;新员工的其他职业素养七章,其主要内容包括:要有主人翁精神;积极并持之间恒等。
333    @a一般读者
461  0 @12001 @a靳斓礼行天下系列
606 0  @a心理交往@x礼仪
690    @aC912.12@v5
701  0 @a靳斓@9jin lan@4著
801  0 @aCN@b人天书店@c20180626
905    @b1087955-59@dC912.12@e1386=4@f5
    
    新员工职场礼仪/靳斓著.-4版.-北京:中国经济出版社,2018.05
    250页:图;24cm.-(靳斓礼行天下系列)
    使用对象:一般读者
    
    ISBN 978-7-5136-5188-2:CNY48.00
    本书共分为这样的职场人受欢迎;新员工个人礼仪;新员工办公礼仪;新员工内部交往艺术;新员工言论礼仪;新员工饭桌礼仪;新员工的其他职业素养七章,其主要内容包括:要有主人翁精神;积极并持之间恒等。
●
相关链接 在E读中查询图书 在五车中查询图书 在当当中查询图书 在豆瓣中查询图书


正题名:新员工职场礼仪     索取号:C912.12/1386=4         预约/预借

序号 登录号 条形码 馆藏地/架位号 状态 备注
1 1087955   210879557   第一样本阅览室/ [索取号:C912.12/1386=4] 在馆    
2 1087956   210879566   教育系资料室/ [索取号:C912.12/1386=4] 在馆    
3 1087957   210879575   教育系资料室/ [索取号:C912.12/1386=4] 在馆    
4 1087958   210879584   第一借阅区/ [索取号:C912.12/1386=4] 在馆    
5 1087959   210879593   第一借阅区/ [索取号:C912.12/1386=4] 在馆    
唐山师范学院图书馆 欢迎您!
大连网信软件有限公司© 版权所有